Responses for show #3549 - Thursday, January 27, 2000

Lee Lassiter game 3.

Contestants

Rose Schuchman, a technical specialist from Oceanside, New York

Lynne Larkin, an attorney from Vero Beach, Florida

Lee Lassiter, a computer programmer from Topeka, Kansas (whose 2-day cash winnings total $21,400)

Jeopardy! Round responses

WALTS-ING
ISLANDS
CLASSIC ROCK LYRICS
U.S. DEMOGRAPHICS
GROUP THERAPY
(Alex: Ah, something we all need!)
SKIP TO MY "LU"
    $100 8
Walt Disney

Lynne
    $100 14
Italy

Lee
    $100 7
Jude

Lee
    $100 6
Poverty line

Rose
    $100 1
Class

Lee
    $100 12
Lubricant

Lee
    $200 9
Walt Whitman

Lynne
    $200 13
Philippines

Lynne
    $200 25
(minute to go...)

"Surf City"

Triple Stumper
    $200 11
Prisons

Lee
    $200 2
Club

Lynne
    $200 22
Lucid

Lee
    $300 10
Walter Mondale

Lee
    $300 20
(Lee: What is New South Wales?)
(R: What is New Guinea?)

Tasmania

LeeRose
Triple Stumper
    $300 26
rock and roll to me

Lee
    $300 15
Homeless

Rose
    $300 3
New Orleans

Lynne
    $300 23
Luftwaffe

Rose
    $1,000 18
Walter Reed

Lee
    $400 21
Shetland Islands

Lee
    $400 28
Jeremiah

Lynne
    $400 16
(R: What is Haiti?)
(Lynne: What is Cuba?)

Dominican Republic

LynneRose
Triple Stumper
    $400 4
(Lee: What is a chat room?)

Newsgroup

Lee
Triple Stumper
    $400 24
Luigi

Triple Stumper
    $500 19
Walt Kelly

Lynne
    $500 29
(Lee: What is Prince Edward Island?)
(R: What is Nova Scotia?)

Newfoundland

LeeRose
Triple Stumper
    $500 30
"Spinning Wheel"

Lynne
    $500 17
Arizona, California, New Mexico & Oklahoma

Lee
    $500 5
Thousand Islands

Lynne
    $500 27
Lusaka

Lynne

Scores at the first commercial break (after clue 15):

Lee Lynne Rose
$500 $1,500 $400

Scores at the end of the Jeopardy! Round:

Lee Lynne Rose
$2,100 $3,000 -$500

Double Jeopardy! Round responses

WALTZING
(Alex: A different kind.)
THE OSCARS
NOVEL SETTINGS
HISTORIC WEBSITES
BLOODY BUSINESS
"IC" !!!
    $200 21
"Tennessee Waltz"

Rose
    $200 3
Gone With The Wind

Lee
    $200 4
Lilliput

Lynne
    $200 9
D-Day

Lynne
    $200 15
Red Cross

Lynne
    $200 1
Panic

Rose
    $400 22
"Minute Waltz"

Lynne
    $400 5
Saving Private Ryan

Lynne
    $400 20
London

Lee
    $400 10
(R: Who is Aristotle?)

Plato

LynneRose
    $400 16
Blood brothers

Rose
    $400 2
Elastic

Lee
    $600 23
"Nutcracker Suite"

Lee
    $600 6
Tatum O'Neal

Lee
    $600 24
"Doctor Zhivago"

Lynne
    $600 11
The French Revolution

Lee
    $600 17
Protestants

Lynne
    $600 12
Cannibalistic

Lee
    $800 27
"Emperor Waltz"

Triple Stumper
    $800 7
Heaven Can Wait

Lynne
    $800 25
(with a minute to go...)

Willa Cather

Lee
    $800 29
[The end-of-round signal sounds.]
(Alex: Rose, darn, you couldn't get out of the hole... so you'll receive our third place prize.)

Tomas de Torquemada

Lee
    $800 18
Errol Flynn

Lynne
    $2,500 13
Chronic

Lee
    $1000 28
Alice Roosevelt

Triple Stumper
    $1000 8
Sadie Thompson

Triple Stumper
    $1,000 26
(Lee: What is Silicon Valley?)

Salinas Valley

Lee
    $1000 19
(Lynne: What are sweat & tears?)
(Alex: Need one more.)

"Toil, tears & sweat"

Lynne
Triple Stumper
    $1000 14
Punic

Lynne

Scores at the end of the Double Jeopardy! Round:

Lee Lynne Rose
$8,600 $7,600 -$100

[wagering suggestions for these scores]

Final Jeopardy! Round responses

MEDIEVAL FIRSTS
LynneWho was Marco Polo Polo?
$1,000
LeeWho is Marco Polo
$8,400
Marco Polo

Final scores:

Lee Lynne Rose
$17,000 $8,600 -$100
3-day champion: $38,400 2nd place: Sanyo Blimp Trip in the U.S.A. 3rd place: JVC FS8000 Stereo System & Jazz CDs

Game dynamics:

Coryat scores:

Lee Lynne Rose
$7,300 $7,600 -$100
21 R
(including 2 DDs),
4 W
(including 1 DD)
21 R,
2 W
6 R,
4 W

Combined Coryat: $14,800

The J! Archive is created by fans, for fans. The Jeopardy! game show and all elements thereof, including but not limited to copyright and trademark thereto, are the property of Jeopardy Productions, Inc. and are protected under law. This website is not affiliated with, sponsored by, or operated by Jeopardy Productions, Inc. Join the discussion at JBoard.tv.